000 00489nam a2200193Ia 4500
003 LK-CoDNM
008 010623t2005 xxu||||| |||| 00| 1 sin d
040 _aLK-CoDNM
_dLK-CoDNM
_eLK-CoDNM
041 _asin
080 _a(x) 398
_bJAY
100 _aJayawardena, H.V.G.Somasiri
245 _aගැමි ජනවහර
246 _aLanguage of village
260 _bS.Godage
_aColombo
_c2005
300 _b(ix)200, 22 cm
650 _aCulture
650 _aFolklore
942 _cBK
999 _c124660
_d124660